| 000 | 00467nam a22001817a 4500 | ||
|---|---|---|---|
| 003 | CEME | ||
| 005 | 20210628201757.0 | ||
| 008 | 210216b xxu||||| |||| 00| 0 eng d | ||
| 020 | _a81-7656-165-7 | ||
| 040 | _c. | ||
| 082 | _a005.3 SUT | ||
| 100 |
_aSutton, June _956794 |
||
| 245 | _aMicrosoft access 2000 , fast and easy | ||
| 260 |
_aNEW DELHI _bBPB PUBLISHER _c2000 |
||
| 300 | _aXVII,360P | ||
| 650 |
_aMS ACCESS 2000 ACCESS 2000 _956795 |
||
| 942 |
_cBK _2ddc |
||
| 999 |
_c567139 _d567139 |
||